Các phản ứng điều chế polymer tổng hợp

সংরক্ষণ করুন:
গ্রন্থ-পঞ্জীর বিবরন
প্রধান লেখক: Teigi, Suruta
বিন্যাস: গ্রন্থ
ভাষা:Undetermined
প্রকাশিত: Hà Nội Khoa học và Kỹ thuật 1976
বিষয়গুলি:
ট্যাগগুলো: ট্যাগ যুক্ত করুন
কোনো ট্যাগ নেই, প্রথমজন হিসাবে ট্যাগ করুন!
Thư viện lưu trữ: Trung tâm Học liệu Trường Đại học Cần Thơ
LEADER 00551nam a2200181Ia 4500
001 CTU_2908
008 210402s9999 xx 000 0 und d
082 |a 547.84 
082 |b T263 
100 |a Teigi, Suruta 
245 0 |a Các phản ứng điều chế polymer tổng hợp 
245 0 |c Suruta Teigi, Trần Quang Hân 
260 |a Hà Nội 
260 |b Khoa học và Kỹ thuật 
260 |c 1976 
650 |a Chemistry, analytic,Polymers 
904 |i Minh 
980 |a Trung tâm Học liệu Trường Đại học Cần Thơ